| 000 | 00579nam a2200193Ia 4500 | ||
|---|---|---|---|
| 003 | GCL | ||
| 008 | 140319s9999 xx 000 0 ara d | ||
| 040 |
_aGCL / _cGCL |
||
| 082 | 0 | 4 |
_a370.152 _bخ ك |
| 100 | 1 | _aخليل فاضل | |
| 245 | 1 | 0 |
_aكيف تقوى ذاكرتك ? وتضمن النجاح والتفوق فى الاختبارات / _cخليل فاضل |
| 300 | _a79 ص | ||
| 490 | _a | ||
| 650 | 0 | 4 | _aعلم النفس |
| 650 | 0 | 4 | _aعلم النفس التربوى |
| 650 | 0 | 4 | _aالذاكرة |
| 650 | 0 | 4 | _aعلم النفس التعليمى |
| 942 |
_2ddc _cBK |
||
| 999 |
_c48007 _d48007 |
||